| 000 | 00721nam a2200241Ia 4500 | ||
|---|---|---|---|
| 005 | 20230127103330.0 | ||
| 008 | 140110s9999 xx 000 0 und d | ||
| 020 |
_a9788189487355 _cRs.150.00 |
||
| 040 | _aLoreto College | ||
| 041 | _aEnglish | ||
| 082 |
_a954.01 _bHAB |
||
| 100 | _aHabib,Irfan | ||
| 245 | 4 |
_aThe Vedic age _band the coming of iron c.1500-700 Bc _cIrfan Habib and Vijay Kumar Thakur |
|
| 250 | _a9th ed. | ||
| 260 |
_aNew Delhi _bTulika Books _c2017 |
||
| 300 | _aviii,100p. | ||
| 440 |
_aA people's history of India _v3 |
||
| 504 | _aIncludes index and bibliographical references | ||
| 650 | _aAncient India-History | ||
| 700 |
_aThakur,Vijay Kumar _4Auth |
||
| 850 | _aLCLIB | ||
| 942 | _cBK | ||
| 999 |
_c42752 _d93231 |
||